[Event "Figueira da Foz 2009"]
[Site "Figueira da Foz"]
[Date "2009.12.02"]
[Round "5.5"]
[White "Campora, Daniel"]
[Black "Padeiro, José"]
[Result "1-0"]
[WhiteElo "2488"]
[BlackElo "2262"]
[PlyCount "171"]
[EventDate "2009.??.??"]

1. e4 c6 2. d4 d5 3. e5 Bf5 4. h4 h5 5. c3 e6 6. Nd2 Nd7 7. Ne2 Be7 8. Ng3 Bg6
9. Nf3 Nh6 10. Bd3 Bxd3 11. Qxd3 g6 12. Bg5 Nf8 13. O-O-O Nf5 14. Kb1 Qd7 15.
Ne2 O-O-O 16. Qd2 Kb8 17. Nc1 Bxg5 18. hxg5 Rg8 19. Ne2 Qe7 20. Nfg1 Nd7 21. g3
c5 22. f3 Nb6 23. b3 Rh8 24. Nh3 Rc8 25. Rh2 cxd4 26. cxd4 Qa3 27. g4 Ne7 28.
Nhg1 hxg4 29. Rxh8 Rxh8 30. fxg4 Nc6 31. Rf1 Qe7 32. Nf3 a5 33. Nf4 Nb4 34. a4
Rc8 35. Rc1 Rxc1+ 36. Qxc1 Nd7 37. Kb2 Nf8 38. Qd2 Nd7 39. Ne2 Nc6 40. Nc3 Nb6
41. Qh2 Qf8 42. Qh7 Na7 43. Kc2 Nbc8 44. Kd3 Ne7 45. Ne1 Nac6 46. Nc2 Nb4+ 47.
Kd2 Nxc2 48. Kxc2 Kc8 49. Qh2 Qe8 50. Qf4 Kc7 51. Kb2 b6 52. Kc2 Kd8 53. Kd3
Kc8 54. Qc1 Kb8 55. Qf1 Kc8 56. Qf6 Qd7 57. Qg7 Nc6 58. Qf8+ Kb7 59. Qh8 Na7
60. Kd2 Ka6 61. Kc2 Kb7 62. Kb2 Ka6 63. Qa8 Qc6 64. Qd8 Qc8 65. Qf6 Qc7 66.
Qf1+ b5 67. Ka2 Qd7 68. Nxb5 Nxb5 69. axb5+ Qxb5 70. Qxf7 Qe2+ 71. Ka3 Qxg4 72.
Qxg6 Qxd4 73. Qxe6+ Kb7 74. Qd7+ Kb6 75. Qd8+ Ka6 76. Qf6+ Kb5 77. e6 Qb4+ 78.
Ka2 Qd2+ 79. Qb2 Qe1 80. Qg2 Qxe6 81. g6 a4 82. g7 axb3+ 83. Kb2 Qe5+ 84. Kxb3
Qe3+ 85. Kc2 Qc5+ 86. Kb1 1-0

[Event "Figueira da Foz 2009"]
[Site "Figueira da Foz"]
[Date "2009.12.02"]
[Round "5.6"]
[White "Bolhari, Orfeh"]
[Black "Rotstein, Arkadij"]
[Result "0-1"]
[WhiteElo "2166"]
[BlackElo "2550"]
[PlyCount "86"]
[EventDate "2009.??.??"]

1. e4 c5 2. c4 Nc6 3. Nc3 g6 4. g3 Bg7 5. Bg2 d6 6. d3 e6 7. Nge2 Nge7 8. O-O
O-O 9. Be3 Nd4 10. Qd2 Nec6 11. Bh6 Rb8 12. Bxg7 Kxg7 13. Nxd4 Nxd4 14. Ne2
Nxe2+ 15. Qxe2 b5 16. b3 Qf6 17. cxb5 Qd4 18. Rfc1 Rxb5 19. Rab1 Bd7 20. Rc4
Qf6 21. Bh3 Rd8 22. a4 Rb7 23. Qd2 Rdb8 24. d4 cxd4 25. Rxd4 Rxb3 26. Rxb3 Rxb3
27. Rxd6 Bxa4 28. Bf1 Rb1 29. Kg2 Rb2 30. Qf4 Qxf4 31. gxf4 Rb4 32. f3 Rb2+ 33.
Kg3 Bc2 34. Ba6 Ra2 35. Rc6 Kf6 36. h4 h6 37. h5 gxh5 38. Kh4 Bd1 39. f5 Ke5
40. fxe6 Kf4 41. Kh3 Bxf3 42. Be2 Rxe2 43. exf7 Bg4+ 0-1

[Event "Figueira da Foz 2009"]
[Site "Figueira da Foz"]
[Date "2009.12.02"]
[Round "5.8"]
[White "Ortiz, Edda"]
[Black "Kasparov, Sergey"]
[Result "0-1"]
[WhiteElo "1870"]
[BlackElo "2483"]
[PlyCount "74"]
[EventDate "2009.??.??"]

1. e4 c6 2. d4 d5 3. f3 e6 4. Bf4 b6 5. Nc3 Bb4 6. Nge2 Ba6 7. Qd2 Ne7 8. a3
Bxc3 9. Nxc3 Bxf1 10. Rxf1 O-O 11. Kf2 c5 12. Rad1 cxd4 13. Qxd4 Nbc6 14. Qa4
d4 15. Kg1 Qc8 16. Ne2 e5 17. Bg3 Qe6 18. c3 dxc3 19. Nxc3 Rad8 20. Rxd8 Rxd8
21. Rd1 Rd4 22. Rxd4 exd4 23. Ne2 d3 24. Nc3 h6 25. Kf1 f5 26. Qb5 fxe4 27.
fxe4 Qf6+ 28. Kg1 Qd4+ 29. Bf2 Qd6 30. Be3 Ne5 31. Qb3+ Kh7 32. h3 N7g6 33. Nd5
Qc6 34. Nc3 Nc4 35. Bd4 Nf4 36. Kf2 d2 37. Be3 Nd3+ 0-1

[Event "Figueira da Foz 2009"]
[Site "Figueira da Foz"]
[Date "2009.12.02"]
[Round "5.9"]
[White "Diogo, Vasco"]
[Black "Galvão, Henrique"]
[Result "1/2-1/2"]
[WhiteElo "2316"]
[BlackElo "2219"]
[PlyCount "24"]
[EventDate "2009.??.??"]

1. e4 e5 2. Nf3 Nc6 3. Bb5 a6 4. Bxc6 dxc6 5. Nc3 Qf6 6. d4 exd4 7. Qxd4 Qxd4
8. Nxd4 Bd7 9. Bg5 f6 10. Be3 Bb4 11. Nde2 Ne7 12. O-O-O O-O-O 1/2-1/2

[Event "Figueira da Foz 2009"]
[Site "Figueira da Foz"]
[Date "2009.12.02"]
[Round "5.10"]
[White "Ferreira, Jorge"]
[Black "Costa, João Guerra"]
[Result "1-0"]
[WhiteElo "2273"]
[BlackElo "2205"]
[PlyCount "55"]
[EventDate "2009.??.??"]

1. e4 c5 2. Nf3 e6 3. d4 cxd4 4. Nxd4 a6 5. f4 d6 6. Bd3 Nf6 7. O-O Qc7 8. Kh1
Nc6 9. Nxc6 bxc6 10. b3 g6 11. Ba3 d5 12. Bxf8 Kxf8 13. Nd2 Kg7 14. Qe1 Bb7 15.
Qh4 c5 16. f5 Rhf8 17. Rae1 exf5 18. exf5 Qd6 19. Nf3 Rae8 20. Rxe8 Rxe8 21.
Ng5 h5 22. Nh3 c4 23. bxc4 Ng4 24. Nf4 dxc4 25. fxg6 fxg6 26. Nxh5+ gxh5 27.
Qg5+ Kh8 28. Qxh5+ 1-0

[Event "Figueira da Foz 2009"]
[Site "Figueira da Foz"]
[Date "2009.12.02"]
[Round "5.11"]
[White "Durão, Joaquim"]
[Black "Karlovich, Anastazia"]
[Result "0-1"]
[WhiteElo "2029"]
[BlackElo "2201"]
[PlyCount "52"]
[EventDate "2009.??.??"]

1. e4 e5 2. Nf3 Nc6 3. Bb5 a6 4. Ba4 d6 5. c4 Bd7 6. O-O Nge7 7. Nc3 g6 8. d4
Bg7 9. dxe5 dxe5 10. Bg5 h6 11. Bh4 g5 12. Bg3 O-O 13. Nd5 Ng6 14. Qd2 g4 15.
Ne1 b5 16. Bb3 Nd4 17. Rd1 c6 18. Ne3 Be6 19. N1c2 Qb6 20. Nxd4 exd4 21. Nf5
bxc4 22. Nxg7 Kxg7 23. Ba4 Rfd8 24. Bf4 h5 25. Bh6+ Kh7 26. Bg5 Rdb8 0-1

[Event "Figueira da Foz 2009"]
[Site "Figueira da Foz"]
[Date "2009.12.02"]
[Round "5.12"]
[White "Leite, Catarina"]
[Black "Cavaleiro, Daniel"]
[Result "1-0"]
[WhiteElo "2188"]
[BlackElo "1856"]
[PlyCount "77"]
[EventDate "2009.??.??"]

1. e4 e6 2. d3 d5 3. Nd2 Nf6 4. Ngf3 Be7 5. c3 O-O 6. g3 Bd7 7. e5 Ne8 8. Qe2
c5 9. h4 Nc7 10. Bg2 Nc6 11. O-O Rb8 12. Re1 f6 13. d4 cxd4 14. cxd4 Nb4 15.
exf6 Bxf6 16. Nb3 b6 17. Bf4 Bb5 18. Bxc7 Bxe2 19. Bxd8 Bxf3 20. Bxf6 Rxf6 21.
Bxf3 Rxf3 22. Rxe6 Rbf8 23. Re2 Rd3 24. Kg2 a5 25. f4 Nxa2 26. Nxa5 bxa5 27.
Rxa2 Rxd4 28. Rxa5 Rb8 29. Ra7 Re4 30. Rc2 Rc4 31. Rd2 d4 32. Re2 d3 33. Ree7
Rc2+ 34. Kh3 d2 35. Rxg7+ Kh8 36. Rxh7+ Kg8 37. Rhd7 Rcxb2 38. h5 Re8 39. Rg7+
1-0

[Event "Figueira da Foz 2009"]
[Site "Figueira da Foz"]
[Date "2009.12.02"]
[Round "5.13"]
[White "Felicio, Fernando"]
[Black "Neves, Pedro"]
[Result "0-1"]
[WhiteElo "1916"]
[BlackElo "2075"]
[PlyCount "70"]
[EventDate "2009.??.??"]

1. d4 c5 2. d5 Nf6 3. Nf3 d6 4. Bg5 Qa5+ 5. c3 Qb6 6. Bxf6 gxf6 7. Qc2 Bg4 8.
Nbd2 Nd7 9. e4 Bh6 10. Nc4 Qc7 11. a4 Ne5 12. Nfxe5 fxe5 13. Be2 Bd7 14. O-O
Rg8 15. Rfb1 b6 16. a5 b5 17. Nb6 Rb8 18. Nxd7 Qxd7 19. a6 Rb6 20. Ra5 Kd8 21.
Qb3 b4 22. Rba1 Kc7 23. R1a4 Rgb8 24. cxb4 Bd2 25. Ra2 Rxb4 26. Qc2 Rd4 27.
R5a4 Bb4 28. Bc4 Qg4 29. f3 Qf4 30. b3 Qe3+ 31. Qf2 Rd1+ 32. Bf1 Qxb3 33. h3
Qd3 34. Re2 Bc3 35. Qh4 Re8 0-1

[Event "Figueira da Foz 2009"]
[Site "Figueira da Foz"]
[Date "2009.12.02"]
[Round "5.15"]
[White "Brandauer, Dorit"]
[Black "Kasparova, Tatiana"]
[Result "0-1"]
[WhiteElo "1840"]
[BlackElo "2191"]
[PlyCount "74"]
[EventDate "2009.??.??"]

1. Nf3 Nf6 2. g3 b6 3. Bg2 Bb7 4. O-O c5 5. d3 e6 6. e4 d6 7. Nbd2 Be7 8. Ne1
d5 9. e5 Nfd7 10. f4 Nc6 11. c3 Qc7 12. Ndf3 O-O-O 13. Qe2 h6 14. a3 Rdg8 15.
b4 g5 16. b5 Na5 17. Rb1 g4 18. Nd2 h5 19. c4 h4 20. Nb3 Nxb3 21. Rxb3 hxg3 22.
hxg3 Rg7 23. Bd2 Qd8 24. f5 Bg5 25. f6 Rg6 26. Bf4 Bxf4 27. Rxf4 Rg5 28. cxd5
Rxe5 29. Re4 Qxf6 30. dxe6 Qxe6 31. Rxe5 Qxe5 32. Qxe5 Nxe5 33. Bxb7+ Kxb7 34.
Rb2 Kc7 35. Re2 Kd6 36. Re3 Kd5 37. a4 f5 0-1

[Event "Figueira da Foz 2009"]
[Site "Figueira da Foz"]
[Date "2009.12.02"]
[Round "5.16"]
[White "Maltez, Nuno"]
[Black "Carapeto, Ricardo"]
[Result "0-1"]
[WhiteElo "2035"]
[BlackElo "1894"]
[PlyCount "93"]
[EventDate "2009.??.??"]

1. e4 c6 2. d4 d5 3. exd5 cxd5 4. c4 Nf6 5. Nc3 g6 6. Qb3 e6 7. Bg5 Bg7 8. cxd5
exd5 9. Bb5+ Nc6 10. Nge2 Be6 11. O-O O-O 12. Rac1 Na5 13. Qd1 a6 14. Bd3 b5
15. b3 Qb6 16. Bb1 Nc6 17. Qd2 Rfe8 18. Rfd1 Rad8 19. Qf4 Qb8 20. Qh4 Nd7 21.
Bxd8 Rxd8 22. Ng3 Bf6 23. Qh6 Nxd4 24. Nce2 Nxe2+ 25. Nxe2 Qe5 26. Qd2 Qd6 27.
f4 Nb6 28. Nd4 Bg4 29. Re1 Bg7 30. h3 Bxd4+ 31. Qxd4 Be6 32. Rc3 h5 33. Rec1
Rc8 34. Rxc8+ Nxc8 35. Qc5 Qxf4 36. Rf1 Qe5 37. Bd3 Qg5 38. Kh1 Qg3 39. Rf3
Qe1+ 40. Kh2 Qe5+ 41. Kg1 Qe1+ 42. Bf1 Qe5 43. Rd3 Nd6 44. Re3 Ne4 45. Bd3 Qa1+
46. Bf1 Qxa2 47. Rd3 0-1

[Event "Figueira da Foz 2009"]
[Site "Figueira da Foz"]
[Date "2009.12.02"]
[Round "5.20"]
[White "Pais, Bruno"]
[Black "Mendes, Carlos"]
[Result "1-0"]
[WhiteElo "1712"]
[BlackElo "1813"]
[PlyCount "32"]
[EventDate "2009.??.??"]

1. d4 d5 2. c4 e6 3. Nc3 c5 4. cxd5 exd5 5. Nf3 Nc6 6. g3 Nf6 7. Bg2 Be7 8. Bg5
cxd4 9. Nxd4 O-O 10. O-O h6 11. Be3 Re8 12. Rc1 Bf8 13. Nxc6 bxc6 14. Na4 Bd7
15. Nc5 Bxc5 16. Bxc5 Bg4 {telemóvel} 1-0

[Event "Figueira da Foz 2009"]
[Site "Figueira da Foz"]
[Date "2009.12.03"]
[Round "6.4"]
[White "Rotstein, Arkadij"]
[Black "Dias, Paulo"]
[Result "1-0"]
[WhiteElo "2550"]
[BlackElo "2391"]
[PlyCount "77"]
[EventDate "2009.??.??"]

1. Nf3 Nf6 2. c4 e6 3. g3 b6 4. Bg2 Bb7 5. O-O Be7 6. Nc3 O-O 7. Re1 d5 8. cxd5
exd5 9. d4 Na6 10. Bf4 c5 11. dxc5 bxc5 12. Ne5 Re8 13. Qb3 Nb4 14. a3 c4 15.
Qd1 Nc6 16. Nxd5 Nxe5 17. Nxf6+ Bxf6 18. Bxb7 Rb8 19. Qxd8 Rexd8 20. Rad1 Rxd1
21. Rxd1 Kf8 22. Ba6 Rxb2 23. Bxe5 Bxe5 24. Bxc4 Ke7 25. Rd5 Bd6 26. Ra5 Rb7
27. a4 Rc7 28. Bd3 h6 29. Kg2 Bc5 30. Rb5 Bb6 31. a5 Bc5 32. Kf3 Bd6 33. a6 Bc5
34. Be4 Bd6 35. e3 Bc5 36. h4 Bd6 37. g4 Bc5 38. Bd5 Bb6 39. Rxb6 1-0

[Event "Figueira da Foz 2009"]
[Site "Figueira da Foz"]
[Date "2009.12.03"]
[Round "6.5"]
[White "Kasparov, Sergey"]
[Black "Ferreira, Jorge"]
[Result "1/2-1/2"]
[WhiteElo "2483"]
[BlackElo "2273"]
[PlyCount "134"]
[EventDate "2009.??.??"]

1. e4 c5 2. Nf3 d6 3. d4 cxd4 4. Nxd4 Nf6 5. f3 e5 6. Nb3 Be6 7. c4 a5 8. Be3
a4 9. N3d2 Qa5 10. Nc3 Be7 11. Be2 O-O 12. O-O Bd8 13. Nb5 Bb6 14. Bf2 Nc6 15.
Nb1 Rfd8 16. N1c3 Na7 17. Qe1 Nxb5 18. Nxb5 Qxe1 19. Rfxe1 Bxf2+ 20. Kxf2 Rac8
21. Rac1 Kf8 22. Red1 Ke7 23. Ke3 Rc6 24. Rc3 Nd7 25. Ra3 Nb6 26. b3 Ra8 27.
Ra1 g6 28. Nc3 f5 29. Bd3 f4+ 30. Kd2 g5 31. Nd5+ Bxd5 32. exd5 Rc7 33. Rc1
Rac8 34. Bf5 Ra8 35. Be6 h6 36. Kd3 axb3 37. Rxa8 b2 38. Rb1 Nxa8 39. Rxb2 b6
40. Kc3 Ra7 41. Bf5 Ra3+ 42. Kb4 Ra5 43. a4 Kd8 44. g3 Rc5 45. gxf4 exf4 46. h4
Nc7 47. hxg5 hxg5 48. Rg2 Na6+ 49. Kc3 Ra5 50. Bc2 Nc5 51. Rxg5 Nxa4+ 52. Bxa4
Rxa4 53. Kb3 b5 54. cxb5 Rd4 55. Kc3 Ra4 56. Kd3 Kc7 57. Rg6 Rb4 58. b6+ Kxb6
59. Rxd6+ Kc5 60. Rd8 Rd4+ 61. Ke2 Rxd5 62. Rxd5+ Kxd5 63. Kd3 Ke5 64. Kc4 Kf5
65. Kd5 Kg5 66. Ke5 Kg6 67. Kxf4 Kf6 1/2-1/2

[Event "Figueira da Foz 2009"]
[Site "Figueira da Foz"]
[Date "2009.12.03"]
[Round "6.6"]
[White "Todorov, Todor"]
[Black "Leite, Catarina"]
[Result "1-0"]
[WhiteElo "2496"]
[BlackElo "2188"]
[PlyCount "101"]
[EventDate "2009.??.??"]

1. e4 e5 2. Nc3 Nc6 3. g3 g6 4. Bg2 Bg7 5. d3 d6 6. Be3 Be6 7. Nf3 h6 8. d4 Bg4
9. d5 Nce7 10. Qd3 f5 11. Nd2 Nf6 12. h3 Bh5 13. f3 fxe4 14. Ndxe4 Nxe4 15.
fxe4 g5 16. O-O Qd7 17. Kh2 Bf7 18. Bf3 O-O 19. Bg4 Qd8 20. Rad1 a6 21. Qe2 Qe8
22. Rf2 Bg6 23. Rxf8+ Bxf8 24. Rf1 Bg7 25. Qc4 Qd8 26. a4 Kh8 27. Kg2 Rb8 28.
Qe2 c6 29. Bc1 Qa5 30. Bh5 Rf8 31. Rxf8+ Bxf8 32. Bxg6 Nxg6 33. Qg4 Qd8 34. Qe6
Kg7 35. Nd1 cxd5 36. Ne3 Ne7 37. exd5 Qc8 38. Nf5+ Kh8 39. Qxc8 Nxc8 40. c4 Kh7
41. Kf3 Kg6 42. g4 h5 43. b3 Nb6 44. Ba3 hxg4+ 45. hxg4 Nc8 46. a5 Kf7 47. Ke4
Kf6 48. b4 b5 49. cxb5 axb5 50. Bc1 Be7 51. Nxe7 1-0

[Event "Figueira da Foz 2009"]
[Site "Figueira da Foz"]
[Date "2009.12.03"]
[Round "6.8"]
[White "Neves, Pedro"]
[Black "Diogo, Vasco"]
[Result "0-1"]
[WhiteElo "2075"]
[BlackElo "2316"]
[PlyCount "56"]
[EventDate "2009.??.??"]

1. c4 e5 2. g3 f5 3. Bg2 Nf6 4. d3 Nc6 5. Nc3 Bc5 6. e3 O-O 7. Nge2 Qe7 8. a3
a5 9. O-O d6 10. d4 Ba7 11. d5 Nb8 12. b4 g5 13. Kh1 f4 14. exf4 gxf4 15. Qd3
Ng4 16. Nd1 Na6 17. f3 Bf5 18. Qc3 Nxh2 19. Kxh2 fxg3+ 20. Kxg3 Kh8 21. Bh3
Qg7+ 22. Kh2 Bxh3 23. Kxh3 Rg8 24. Kh4 Qg2 25. Bf4 Qxf1 26. Ng3 Rxg3 27. Bxg3
Bd4 28. Ne3 Qxa1 0-1

[Event "Figueira da Foz 2009"]
[Site "Figueira da Foz"]
[Date "2009.12.03"]
[Round "6.9"]
[White "Galvão, Henrique"]
[Black "Pena, Hélio"]
[Result "1-0"]
[WhiteElo "2219"]
[BlackElo "1926"]
[PlyCount "73"]
[EventDate "2009.??.??"]

1. e4 e6 2. d4 d5 3. c4 Bb4+ 4. Bd2 Bxd2+ 5. Nxd2 Ne7 6. Ngf3 dxe4 7. Nxe4 b6
8. Bd3 Bb7 9. Qe2 Ng6 10. g3 Qe7 11. O-O-O Nd7 12. Rhe1 O-O-O 13. c5 Nb8 14.
Kb1 Bd5 15. Rc1 Kb7 16. h4 Qe8 17. Bb5 Bc6 18. Bxc6+ Nxc6 19. cxb6 axb6 20. Qb5
Rd5 21. Nc5+ Rxc5 22. dxc5 Na7 23. Qxe8 Rxe8 24. cxb6 cxb6 25. Ng5 Re7 26. Nxh7
f6 27. f4 e5 28. h5 Nh8 29. h6 Nc6 30. hxg7 Rxg7 31. Nxf6 exf4 32. gxf4 Rf7 33.
Nd5 Ng6 34. Re6 Nge7 35. Rxe7+ Rxe7 36. Rxc6 Rd7 37. Rxb6+ 1-0

[Event "Figueira da Foz 2009"]
[Site "Figueira da Foz"]
[Date "2009.12.03"]
[Round "6.10"]
[White "Karlovich, Anastazia"]
[Black "Dzhumaev, Marat"]
[Result "0-1"]
[WhiteElo "2201"]
[BlackElo "2528"]
[PlyCount "60"]
[EventDate "2009.??.??"]

1. e4 e6 2. d4 d5 3. Nc3 Bb4 4. Qd3 Ne7 5. Nf3 c5 6. dxc5 O-O 7. Bd2 Na6 8. e5
Nxc5 9. Qe3 Qb6 10. Bd3 Nxd3+ 11. Qxd3 Bd7 12. Ng5 Ng6 13. h4 f5 14. exf6 Rxf6
15. Be3 Qb5 16. Qxb5 Bxb5 17. Bd4 e5 18. O-O-O Bc6 19. Bxe5 Nxe5 20. Nxd5 Bxd5
21. Rxd5 Ng4 22. f3 Ne3 23. Rb5 Bf8 24. Ne4 Rb6 25. Rg5 h6 26. Rg3 Nc4 27. b3
Rd8 28. h5 Ba3+ 29. Kb1 Nd2+ 30. Nxd2 Rxd2 0-1

[Event "Figueira da Foz 2009"]
[Site "Figueira da Foz"]
[Date "2009.12.03"]
[Round "6.12"]
[White "Kasparova, Tatiana"]
[Black "Bolhari, Orfeh"]
[Result "0-1"]
[WhiteElo "2191"]
[BlackElo "2166"]
[PlyCount "132"]
[EventDate "2009.??.??"]

1. e4 e5 2. Nf3 Nc6 3. Bb5 Nge7 4. c3 d6 5. d4 Bd7 6. O-O Ng6 7. Nbd2 Be7 8.
Nc4 Bf6 9. Ne3 O-O 10. Nd5 h6 11. Be3 Re8 12. Qd3 a6 13. Ba4 Nxd4 14. cxd4 Bxa4
15. Rfc1 Bc6 16. Nxf6+ Qxf6 17. d5 Bb5 18. Qb3 c5 19. a4 Be2 20. Ne1 b5 21. Qc3
Bg4 22. Qd2 Bd7 23. a5 b4 24. Nd3 Bb5 25. b3 Nh4 26. f3 Qxf3 27. gxf3 Nxf3+ 28.
Kf2 Nxd2 29. Nxc5 dxc5 30. Bxd2 Rac8 31. Be3 c4 32. bxc4 Bxc4 33. Ra4 Bb5 34.
Rxb4 Rxc1 35. Bxc1 Rc8 36. Bd2 Rc2 37. Ke3 Ra2 38. Rb3 Kh7 39. d6 Ra4 40. Bb4
Kg6 41. Bc3 Kf6 42. Rb2 Ke6 43. Bb4 g6 44. Kd2 Ra1 45. Rc2 Rh1 46. Ke3 Rb1 47.
Bc5 Rb3+ 48. Kf2 Kd7 49. Be3 Bc6 50. Bxh6 Rh3 51. Bd2 Rxh2+ 52. Ke3 Rh3+ 53.
Ke2 Rb3 54. Be3 Kxd6 55. Bc5+ Ke6 56. Rd2 Bxe4 57. Rd6+ Kf5 58. Rd7 f6 59. Be7
Rb7 60. Rxb7 Bxb7 61. Bd8 Ke6 62. Ke3 f5 63. Bg5 Kd5 64. Bh6 f4+ 65. Kf2 Ke4
66. Bg7 g5 0-1

[Event "Figueira da Foz 2009"]
[Site "Figueira da Foz"]
[Date "2009.12.03"]
[Round "6.15"]
[White "Rodrigues, Luis"]
[Black "Felicio, Fernando"]
[Result "1/2-1/2"]
[WhiteElo "1875"]
[BlackElo "1916"]
[PlyCount "34"]
[EventDate "2009.??.??"]

1. e4 e5 2. Nf3 Nc6 3. Bb5 a6 4. Ba4 Nf6 5. O-O Be7 6. Re1 b5 7. Bb3 d6 8. h3
O-O 9. c3 Na5 10. Bc2 c5 11. d4 Qc7 12. Nbd2 Bd7 13. Nf1 Rac8 14. dxe5 dxe5 15.
Ng3 Rfd8 16. Qe2 Ne8 17. Be3 Nc4 1/2-1/2

[Event "Figueira da Foz 2009"]
[Site "Figueira da Foz"]
[Date "2009.12.03"]
[Round "6.16"]
[White "Pais, Bruno"]
[Black "Maltez, Nuno"]
[Result "0-1"]
[WhiteElo "1712"]
[BlackElo "2035"]
[PlyCount "108"]
[EventDate "2009.??.??"]

1. d4 f5 2. Bg5 g6 3. h4 Bg7 4. e3 Nf6 5. Nd2 d5 6. Ngf3 Be6 7. c3 Nbd7 8. Bb5
c6 9. Ba4 Bf7 10. Bf4 Qb6 11. Qc2 O-O 12. Ne5 Qd8 13. Ndf3 Nxe5 14. Nxe5 Nh5
15. Bh2 e6 16. Nf3 Be8 17. Be5 Bh6 18. Qe2 b6 19. Qa6 Qc8 20. Qxc8 Rxc8 21. Bd6
Rf7 22. Ng5 Rd7 23. Be5 Bf7 24. Kd2 Bf8 25. Bd1 Ng7 26. g4 h6 27. Nh3 Bd6 28.
Bxd6 Rxd6 29. f4 c5 30. g5 h5 31. Nf2 Be8 32. Nd3 Bb5 33. Ne5 Kh7 34. Be2 Bxe2
35. Kxe2 Ne8 36. a4 Rdd8 37. Nf7 Rd7 38. Ne5 Rdc7 39. a5 b5 40. a6 Nd6 41. dxc5
Rxc5 42. Kd3 Nc4 43. Nxc4 bxc4+ 44. Kc2 Rb5 45. Ra2 Kg7 46. Ra4 Rcb8 47. Rb4
Rxb4 48. cxb4 Rxb4 49. Ra1 Rb5 50. Ra3 Kf7 51. Kc3 Ke7 52. b4 cxb3 53. Rxb3
Rxb3+ 54. Kxb3 Kd6 0-1

[Event "Figueira da Foz 2009"]
[Site "Figueira da Foz"]
[Date "2009.12.04"]
[Round "7.1"]
[White "Petkov, Vladimir"]
[Black "Spraggett, Kevin"]
[Result "1/2-1/2"]
[WhiteElo "2477"]
[BlackElo "2594"]
[PlyCount "27"]
[EventDate "2009.??.??"]

1. d4 Nf6 2. c4 e6 3. Nc3 c5 4. d5 exd5 5. cxd5 d6 6. e4 g6 7. f4 Bg7 8. Bb5+
Nfd7 9. Nf3 O-O 10. O-O Na6 11. Kh1 Nc7 12. Bd3 Rb8 13. Qe1 Re8 14. Qg3 1/2-1/2

[Event "Figueira da Foz 2009"]
[Site "Figueira da Foz"]
[Date "2009.12.04"]
[Round "7.3"]
[White "Rotstein, Arkadij"]
[Black "Paunovic, Dragan"]
[Result "1/2-1/2"]
[WhiteElo "2550"]
[BlackElo "2554"]
[PlyCount "92"]
[EventDate "2009.??.??"]

1. Nf3 g6 2. d4 Bg7 3. e4 d6 4. c4 Bg4 5. Nc3 Nc6 6. Be3 e5 7. d5 Nd4 8. Nb5
Nf6 9. h3 Bxf3 10. gxf3 Nh5 11. Nxd4 exd4 12. Bxd4 O-O 13. Bxg7 Kxg7 14. Qd4+
f6 15. c5 Qe7 16. Rc1 Rf7 17. h4 Nf4 18. Kd2 h5 19. Ke3 Qe5 20. Qxe5 fxe5 21.
cxd6 cxd6 22. Rg1 Kh6 23. Rc3 Rg8 24. Rg5 Rgg7 25. a4 Rc7 26. Kd2 Rxc3 27. bxc3
Rc7 28. Kc2 Kg7 29. Kb3 Kf6 30. Rg1 Ke7 31. Kb4 Kd8 32. Bb5 Rg7 33. Rg5 Kc7 34.
Bf1 Kb6 35. Bb5 a6 36. Bf1 Rg8 37. Bc4 Kc7 38. Bf1 Rc8 39. Rg1 Kd8 40. Rg5 Ra8
41. Rg1 Ke7 42. Rg5 b5 43. a5 Kf6 44. Rg1 Rg8 45. Rg5 Rg7 46. Kb3 Rc7 1/2-1/2

[Event "Figueira da Foz 2009"]
[Site "Figueira da Foz"]
[Date "2009.12.04"]
[Round "7.4"]
[White "Romanishin, Oleg"]
[Black "Galvão, Henrique"]
[Result "1-0"]
[WhiteElo "2510"]
[BlackElo "2219"]
[PlyCount "59"]
[EventDate "2009.??.??"]

1. Nf3 Nf6 2. g3 b5 3. Bg2 Bb7 4. O-O e6 5. d3 Be7 6. e4 d6 7. Na3 a6 8. c4 b4
9. Qa4+ Bc6 10. Qxb4 d5 11. Qb3 Nfd7 12. cxd5 exd5 13. exd5 Nc5 14. Qc3 Bxd5
15. Qxg7 Bf6 16. Qh6 Ne6 17. Re1 Qe7 18. Qh5 c6 19. Nc4 Nd7 20. Bf4 Bxc4 21.
dxc4 O-O 22. Rad1 Rfd8 23. Bd6 Qe8 24. Qf5 Kg7 25. h4 h6 26. Re4 Kh8 27. Bc7
Rdc8 28. Rxd7 Qxd7 29. Qxf6+ Kh7 30. Be5 1-0

[Event "Figueira da Foz 2009"]
[Site "Figueira da Foz"]
[Date "2009.12.04"]
[Round "7.5"]
[White "Diogo, Vasco"]
[Black "Todorov, Todor"]
[Result "0-1"]
[WhiteElo "2316"]
[BlackElo "2496"]
[PlyCount "88"]
[EventDate "2009.??.??"]

1. e4 g6 2. d4 Bg7 3. Nf3 d6 4. Nc3 a6 5. a4 b6 6. Bc4 e6 7. Bg5 Qd7 8. O-O h6
9. Bf4 Bb7 10. Re1 Ne7 11. Qd2 g5 12. Bg3 Ng6 13. Rad1 Nc6 14. h3 Qe7 15. Nd5
Qd8 16. Ne3 Nce7 17. d5 e5 18. Be2 Bc8 19. a5 Nf4 20. axb6 Nxe2+ 21. Rxe2 cxb6
22. Qb4 a5 23. Qb5+ Bd7 24. Qb3 O-O 25. Qa3 Nc8 26. b4 b5 27. c4 bxc4 28. Nxc4
Bb5 29. Rc2 a4 30. Rdc1 Ne7 31. Ne3 Qb6 32. Rc7 Ra7 33. R7c2 f5 34. exf5 Nxf5
35. Nxf5 Rxf5 36. Rc8+ Rf8 37. Rxf8+ Bxf8 38. Qa2 Rc7 39. Re1 Rc4 40. Qd2 Be8
41. Bxe5 dxe5 42. Nxe5 Rd4 43. Qa2 Rxb4 44. Nf3 Bf7 0-1

[Event "Figueira da Foz 2009"]
[Site "Figueira da Foz"]
[Date "2009.12.04"]
[Round "7.7"]
[White "Ferreira, Jorge"]
[Black "Dias, Paulo"]
[Result "0-1"]
[WhiteElo "2273"]
[BlackElo "2391"]
[PlyCount "184"]
[EventDate "2009.??.??"]

1. e4 e5 2. Nf3 Nc6 3. Bb5 a6 4. Ba4 Nf6 5. O-O Be7 6. Re1 b5 7. Bb3 d6 8. c3
O-O 9. h3 Na5 10. Bc2 c5 11. d4 Nd7 12. Nbd2 exd4 13. cxd4 Nc6 14. d5 Nde5 15.
Nxe5 Nxe5 16. f4 Ng6 17. Nf3 f5 18. e5 dxe5 19. fxe5 Bb7 20. d6 Bh4 21. Nxh4
Qxh4 22. Qd2 Rae8 23. Qf2 Qxf2+ 24. Kxf2 Nxe5 25. Bg5 Be4 26. Bxe4 fxe4+ 27.
Kg1 Nc6 28. Rac1 Re5 29. Be3 Nb4 30. Rcd1 Nd3 31. Re2 Rd8 32. Bf2 Nxf2 33. Kxf2
Re6 34. Ke3 Rdxd6 35. Rxd6 Rxd6 36. Rc2 c4 37. Kxe4 Kf7 38. b3 cxb3 39. axb3
Kf6 40. g3 h5 41. h4 Ke7 42. Rc1 g6 43. Rc7+ Kf6 44. Rc5 Ke7 45. Rc7+ Ke6 46.
Rg7 Kf6 47. Rc7 Re6+ 48. Kf4 Rb6 49. b4 Ke6 50. Ke4 Rd6 51. Rg7 Kf6 52. Rc7 Rd1
53. Rc6+ Kg7 54. Kf4 Rd4+ 55. Ke5 Rxb4 56. Rxa6 Rg4 57. Ra3 b4 58. Rf3 Rc4 59.
Rb3 Kf7 60. Kd5 Rg4 61. Re3 Kf6 62. Re6+ Kg7 63. Re3 Kf7 64. Ke5 Ke7 65. Rd3
Rc4 66. Kd5 Rc3 67. Rd4 Rxg3 68. Rxb4 Kf6 69. Rf4+ Kg7 70. Ke4 Ra3 71. Ke5 Re3+
72. Kd4 Re8 73. Rf2 Kh6 74. Rf4 Kg7 75. Rf2 Ra8 76. Ke5 Ra5+ 77. Ke6 Ra4 78.
Rh2 Rg4 79. Rh3 Re4+ 80. Kd5 Re1 81. Rf3 Rh1 82. Rf4 Ra1 83. Ke6 Ra5 84. Rb4 g5
85. hxg5 Kg6 86. Rb8 Kxg5 87. Rg8+ Kf4 88. Rh8 Kg4 89. Kf6 h4 90. Rb8 Rf5+ 91.
Ke6 h3 92. Rg8+ Rg5 0-1

[Event "Figueira da Foz 2009"]
[Site "Figueira da Foz"]
[Date "2009.12.04"]
[Round "7.8"]
[White "Dzhumaev, Marat"]
[Black "Durão, Joaquim"]
[Result "1-0"]
[WhiteElo "2528"]
[BlackElo "2029"]
[PlyCount "47"]
[EventDate "2009.??.??"]

1. e4 e5 2. Nf3 Nc6 3. Bc4 Bc5 4. d3 Nf6 5. O-O d6 6. c3 Qe7 7. Nbd2 Bg4 8. Re1
O-O-O 9. b4 Bb6 10. a4 a5 11. Bd5 axb4 12. Bxc6 bxc6 13. cxb4 d5 14. Qc2 dxe4
15. dxe4 Qxb4 16. Ba3 Qa5 17. Nc4 Qa7 18. Nxb6+ Qxb6 19. Nxe5 Rhe8 20. Rab1 Qa5
21. Rb8+ Kxb8 22. Nxc6+ Kc8 23. Nxa5 Rxe4 24. Rc1 1-0

[Event "Figueira da Foz 2009"]
[Site "Figueira da Foz"]
[Date "2009.12.04"]
[Round "7.9"]
[White "Bolhari, Orfeh"]
[Black "Redondo, Graciela"]
[Result "1-0"]
[WhiteElo "2166"]
[BlackElo "2077"]
[PlyCount "77"]
[EventDate "2009.??.??"]

1. e4 e6 2. d4 d5 3. exd5 exd5 4. Bd3 Bd6 5. Nf3 Ne7 6. Nc3 Bg4 7. Nb5 Nbc6 8.
c3 Qd7 9. O-O O-O-O 10. Bg5 f6 11. Nxd6+ Qxd6 12. Bh4 h5 13. Bg3 Qd7 14. h3 h4
15. Bh2 Bh5 16. Be2 g5 17. Ne1 Bxe2 18. Qxe2 Rhg8 19. Nd3 b6 20. f3 Nf5 21.
Rfe1 Rde8 22. Qf2 Nd6 23. a4 Rxe1+ 24. Rxe1 Re8 25. Ra1 Qe6 26. Re1 Qd7 27.
Bxd6 Rxe1+ 28. Qxe1 Qxd6 29. b4 Kd7 30. f4 Qe6 31. b5 Nb8 32. fxg5 Qf5 33. gxf6
Qxf6 34. Ne5+ Kd6 35. Nf3 Qf4 36. Nxh4 Nd7 37. Ng6 Qf6 38. Qg3+ Ke6 39. Nf4+
1-0